Iraq First Level Subdivisions - Statistics

General Stats
  • This quiz has been taken 129 times
  • The average score is 9 of 19
Answer Stats
Muhāfazāt % Correct
Baghdad
95%
Basra
81%
Erbil
71%
Al Anbar
48%
Nineveh
48%
Sulaymaniyah
48%
Kirkuk
45%
Babil
43%
Karbala
43%
Najaf
43%
Wasit
43%
Saladin
38%
Dhi Qar
36%
Halabja
36%
Diyala
33%
Muthanna
33%
Maysan
29%
Dohuk
21%
Al-Qādisiyyah
19%
No matching quizzes found
Score Distribution
Percent of People with Each Score
Percentile by Number Answered
Your Score History
You have not taken this quiz